000 00771nam a2200289Ia 4500
005 20260324124451.0
008 008 260324s9999 xx 000 0 eng d
020 _a9780429114823
037 _aEBOOK
040 _aCRL
040 _beng
040 _cCRL
041 _2eng
041 _aeng
084 _qCRL
100 _aKenneth D. Lawrence; Virginia M. Miori; Ronald K. Klimberg
_91174267
245 4 _aThe Supply Chain in Manufacturing, Distribution, and Transportation
245 0 _bModeling, Optimization, and Applications
260 _bTaylor and Francis
260 _c2010
365 _a
365 _b210
856 _uhttp://www.taylorfrancis.com/books/9780429114823
942 _cEBOOK
999 _c1768666
_d1768666